1990 Texas Health Objectives Implementation Plan.

Bibliographic Details
Corporate Author: Texas. Department of Health
Format: Government Document Book
Language:English
Published: [Austin, Tex.] : Texas Dept. of Health, [1988]
Subjects:

MARC

Tag First Indicator Second Indicator Subfields
LEADER 00000cam a2200000 a 4500
001 in00001069405
005 20150929095703.0
008 880920s1988 txu s00010 eng d
035 |a (OCoLC)18506275 
035 |9 AFN6057AM 
040 |a IKM  |c IKM  |d UtOrBLW 
049 |a IKMD 
086 |a H600.8 T312hep 1988  |2 txdocs 
099 9 |a H600.8  |a T312hep  |a 1988 
110 1 |a Texas.  |b Department of Health. 
245 1 0 |a 1990 Texas Health Objectives Implementation Plan. 
264 1 |a [Austin, Tex.] :  |b Texas Dept. of Health,  |c [1988] 
300 |a 99 pages ;  |c 28 cm. 
336 |a text  |b txt  |2 rdacontent 
337 |a unmediated  |b n  |2 rdamedia 
338 |a volume  |b nc  |2 rdacarrier 
500 |a Cover title. 
500 |a "1-88"--P. [4] of cover. 
500 |a "4-136--P. [4] of cover." 
610 1 0 |a Texas.  |b Department of Health  |x Management. 
650 0 |a Medical policy  |z Texas. 
650 0 |a Health planning  |z Texas. 
740 0 |a Texas Health Objectives Implementation Plan. 
999 |a MARS 
999 f f |s cd40c854-4ad6-3e96-846f-f9b7b511c0b9  |i 0a6e7bc5-16f9-3a3f-aad5-5db696da652b  |t 0 
952 f f |p normal  |a Texas A&M University  |b College Station  |c Sterling C. Evans Library  |d Evans: Texas Documents (Annex 5th floor)  |t 0  |e H600.8 T312hep 1988  |h Superintendent of Documents classification  |i unmediated -- volume  |m A14815828410 
998 f f |a H600.8 T312hep 1988  |t 0  |l Evans: Texas Documents (Annex 5th floor)